000 00741cam a22002411a 4500
001 sa 66001399
003 DLC
005 20260227112221.0
008 890621s1965 ii b 000 0 hin
010 _asa 66001399
035 _a(OCoLC)19903721
040 _aDLC
_cTOK
_dWU
_dDLC
042 _apremarc
050 0 0 _aPN6519.H55
_bK3
245 0 0 _aKahāvata Kośa /
_cBhuvaneśvaranātha Miśra, Vikramāditya Miśra.
260 _aPatna :
_bVihāra Rāṣṭrabhāṣā Pariṣad,
_c1965.
300 _a14, 2, 2, 832 p. ;
_c25 cm.
500 _aIn Hindi.
504 _aIncludes bibliographical references.
650 0 _aProverbs, Hindi.
700 1 _aMiśra, Bhuvaneśvaranātha,
_d1912-
_eed.
700 1 _aMiśra, Vikramāditya,
_eed.
999 _c67777
_d67777